[Event "Kingston President's Inv"]
[Site "Kingston"]
[Date "2015.04.25"]
[Round "11"]
[White "Hinds, Nathan"]
[Black "Wisdom, Daren"]
[Result "0-1"]
[WhiteElo "1813"]
[BlackElo "1976"]
[PlyCount "88"]
[EventDate "2015.04.15"]
[EventType "tourn"]
[EventRounds "11"]
[EventCountry "JAM"]
[SourceTitle "CBM 166 Extra"]
[Source "ChessBase"]
[SourceDate "2015.06.18"]
[SourceVersion "1"]
[SourceVersionDate "2015.06.18"]
[SourceQuality "1"]

1. d4 d5 2. g3 Nf6 3. Bg2 c5 4. c4 cxd4 5. Nf3 Nc6 6. 0-0 e5 7. cxd5 Qxd5 8. Bg5 Qe6 9. Nbd2 Be7 10. Nb3 0-0 11. Ne1 h6 12. Bxf6 Bxf6 13. Nc5 Qe7 14. Ne4 Bf5 15. Nd3 Bxe4 16. Bxe4 Nb4 17. Qb3 Nxd3 18. exd3 Rac8 19. Rfc1 b6 20. h4 h5 21. Bf5 Rxc1+ 22. Rxc1 Bxh4 23. Qd5 Qg5 24. Rc8 Rxc8 25. Bxc8 Qc1+ 26. Kh2 Bxg3+ 27. Kxg3 Qxc8 28. Qxe5 Qg4+ 29. Kh2 f5 30. a4 h4 31. b4 Qf3 32. Qxd4 Kf7 33. Qxh4 Qxd3 34. Qf4 Ke6 35. Qh4 Qe2 36. b5 Qe5+ 37. Kg1 Qe4 38. Qh8 Qg4+ 39. Kh2 g5 40. Qc8+ Ke5 41. Qc7+ Ke4 42. Qxa7 Kf3 43. Qb7+ Kxf2 44. Qxb6+ Kf1 0-1

[Event "Kingston President's Inv"]
[Site "Kingston"]
[Date "2015.04.18"]
[Round "3"]
[White "Lewis, Jared"]
[Black "Wisdom, Daren"]
[Result "1-0"]
[WhiteElo "1845"]
[BlackElo "1976"]
[PlyCount "57"]
[EventDate "2015.04.15"]
[EventType "tourn"]
[EventRounds "11"]
[EventCountry "JAM"]
[SourceTitle "CBM 166 Extra"]
[Source "ChessBase"]
[SourceDate "2015.06.18"]
[SourceVersion "1"]
[SourceVersionDate "2015.06.18"]
[SourceQuality "1"]

1. d4 c5 2. d5 e5 3. c4 f5 4. Nc3 Nf6 5. e4 d6 6. Bd3 g6 7. f4 fxe4 8. Nxe4 Nxe4 9. Bxe4 Bg7 10. Qc2 0-0 11. fxe5 Bxe5 12. Nf3 Bg7 13. Bd2 Bg4 14. 0-0-0 a6 15. h3 Bd7 16. h4 Bg4 17. h5 Bxh5 18. Rxh5 gxh5 19. Bxh7+ Kh8 20. Rh1 h4 21. Bf5 Bf6 22. Nxh4 Bxh4 23. Bc3+ Rf6 24. Rxh4+ Kg7 25. Qf2 Nd7 26. Bxd7 Qe7 27. Bf5 Rh8 28. Qg3+ Kf7 29. Rxh8 1-0

[Event "JAM-ch"]
[Site "Kingston"]
[Date "2015.01.28"]
[Round "7"]
[White "Myers, Peter"]
[Black "Wisdom, Daren"]
[Result "1-0"]
[WhiteElo "1984"]
[BlackElo "1985"]
[PlyCount "121"]
[EventDate "2015.01.17"]
[EventType "tourn"]
[EventRounds "11"]
[EventCountry "JAM"]
[SourceTitle "CBM 164 Extra"]
[Source "ChessBase"]
[SourceDate "2015.03.02"]
[SourceVersion "1"]
[SourceVersionDate "2015.03.02"]
[SourceQuality "1"]

1. d4 Nf6 2. Nf3 b6 3. g3 Bb7 4. Bg2 d5 5. 0-0 e6 6. c3 Bd6 7. Nbd2 Nbd7 8. Ne1 h5 9. h4 Ne4 10. Nxe4 dxe4 11. Qc2 f5 12. Qb3 Bd5 13. c4 Bb7 14. Qc3 0-0 15. Bg5 Be7 16. Bxe7 Qxe7 17. f3 Nf6 18. fxe4 fxe4 19. Nc2 c5 20. e3 Qd6 21. Rf4 Ng4 22. Raf1 Rxf4 23. Rxf4 Rf8 24. Bh3 e5 25. Rxf8+ Kxf8 26. d5 Bc8 27. Qe1 Qf6 28. Qf1 Qf3 29. Bg2 Qxf1+ 30. Bxf1 Nh6 31. Bg2 Bf5 32. Kf1 Ke7 33. Na3 a6 34. Nb1 Ng4 35. Ke2 b5 36. b3 b4 37. Nd2 Nf6 38. Kd1 Kd6 39. Kc1 Kc7 40. Nf1 Ng4 41. Bh3 Nxe3 42. Nxe3 Bxh3 43. Kd2 Kd6 44. Nd1 Bf1 45. Nf2 Bd3 46. Nxd3 exd3 47. Kxd3 a5 48. Ke4 g6 49. Kf3 Ke7 50. g4 hxg4+ 51. Kxg4 Kf6 52. h5 gxh5+ 53. Kxh5 Kf5 54. Kh4 e4 55. Kh3 Ke5 56. Kg4 a4 57. bxa4 Kd4 58. d6 Kxc4 59. d7 b3 60. axb3+ Kxb3 61. d8Q 1-0

[Event "JAM-ch"]
[Site "Kingston"]
[Date "2015.01.25"]
[Round "6"]
[White "Wisdom, Daren"]
[Black "Lorne, Ras Malaku"]
[Result "1/2-1/2"]
[WhiteElo "1985"]
[BlackElo "2113"]
[PlyCount "50"]
[EventDate "2015.01.17"]
[EventType "tourn"]
[EventRounds "11"]
[EventCountry "JAM"]
[SourceTitle "CBM 164 Extra"]
[Source "ChessBase"]
[SourceDate "2015.03.02"]
[SourceVersion "1"]
[SourceVersionDate "2015.03.02"]
[SourceQuality "1"]

1. Nf3 Nf6 2. b3 c5 3. Bb2 Nc6 4. e3 d6 5. d4 Bg4 6. d5 Nb8 7. h3 Bh5 8. g4 Bg6 9. Bg2 Nbd7 10. 0-0 Qc7 11. c4 Be4 12. Nc3 Bxf3 13. Qxf3 h6 14. Qg3 g6 15. f4 Bg7 16. Nb5 Qb6 17. e4 a6 18. Nc3 g5 19. Na4 Qc7 20. Nc3 Qb6 21. Na4 Qc7 22. Nc3 Qb6 23. Na4 Qc7 24. Nc3 Qb6 25. Na4 Qc7 1/2-1/2

[Event "Olympiad-41"]
[Site "Tromsoe"]
[Date "2014.08.04"]
[Round "3.3"]
[White "Khamdamov, Suhrob"]
[Black "Wisdom, Daren"]
[Result "1-0"]
[WhiteElo "2301"]
[BlackElo "2024"]
[PlyCount "43"]
[EventDate "2014.08.02"]
[EventType "team-swiss"]
[EventRounds "11"]
[EventCountry "NOR"]
[SourceTitle "CBM 162"]
[Source "ChessBase"]
[SourceDate "2014.09.17"]
[SourceVersion "1"]
[SourceVersionDate "2014.09.17"]
[SourceQuality "1"]
[WhiteTeam "Tajikistan"]
[BlackTeam "Jamaica"]
[WhiteTeamCountry "TJK"]
[BlackTeamCountry "JAM"]

1. e4 e5 2. Nf3 Nc6 3. Bb5 f5 4. d4 fxe4 5. Nxe5 Nf6 6. 0-0 Qe7 7. Bf4 Qb4 8. Nc3 Qxb2 9. Nxe4 Nxe5 10. Nxf6+ gxf6 11. Rb1 Qxa2 12. dxe5 c6 13. exf6 Qf7 14. Re1+ Kd8 15. Ba4 Qc4 16. Qg4 d6 17. Qh4 Qf7 18. Rbd1 Kc7 19. Rxd6 Bd7 20. Rxc6+ Kd8 21. Rc7 b5 22. Bxb5 1-0

[Event "Olympiad-41"]
[Site "Tromsoe"]
[Date "2014.08.02"]
[Round "1.4"]
[White "Wisdom, Daren"]
[Black "Petenyi, Tamas"]
[Result "0-1"]
[WhiteElo "2024"]
[BlackElo "2453"]
[PlyCount "80"]
[EventDate "2014.08.02"]
[EventType "team-swiss"]
[EventRounds "11"]
[EventCountry "NOR"]
[SourceTitle "CBM 162"]
[Source "ChessBase"]
[SourceDate "2014.09.17"]
[SourceVersion "1"]
[SourceVersionDate "2014.09.17"]
[SourceQuality "1"]
[WhiteTeam "Jamaica"]
[BlackTeam "Slovakia"]
[WhiteTeamCountry "JAM"]
[BlackTeamCountry "SVK"]

1. d4 g6 2. c4 Bg7 3. e4 d6 4. Nc3 Nf6 5. Nf3 0-0 6. Be2 Nbd7 7. 0-0 e5 8. d5 Nc5 9. Qc2 a5 10. Bg5 h6 11. Be3 Nfd7 12. Nd2 f5 13. f4 exf4 14. Rxf4 Qe7 15. Raf1 Ne5 16. Bd4 g5 17. R4f2 f4 18. a3 g4 19. Kh1 Ned3 20. Bxc5 Nxc5 21. Qd1 Qg5 22. Nb5 Rf7 23. b4 axb4 24. axb4 Na4 25. g3 f3 26. Bd3 Nb2 27. Qb3 Qe3 28. Bc2 Qxb3 29. Nxb3 Nxc4 30. Bd3 Nb2 31. Bb1 Ra4 32. Rc2 Bd7 33. Nxc7 Rxb4 34. Nd2 Ba4 35. Rcc1 Rd4 36. Rf2 Nd1 37. Rxd1 Bxd1 38. Ne6 Be2 39. Nxd4 Bxd4 40. Rf1 Bc3 0-1

[Event "JAM-ch"]
[Site "Kingston"]
[Date "2014.05.10"]
[Round "10"]
[White "Wisdom, Daren"]
[Black "Porter, Russel"]
[Result "1/2-1/2"]
[WhiteElo "1974"]
[BlackElo "2123"]
[PlyCount "48"]
[EventDate "2014.04.25"]
[EventType "tourn"]
[EventRounds "11"]
[EventCountry "JAM"]
[SourceTitle "CBM 160 Extra"]
[Source "ChessBase"]
[SourceDate "2014.07.01"]
[SourceVersion "1"]
[SourceVersionDate "2014.07.01"]
[SourceQuality "1"]

1. d4 Nf6 2. Nf3 g6 3. e3 Bg7 4. Bd3 d6 5. b3 Nbd7 6. Bb2 0-0 7. Nbd2 e5 8. dxe5 Ng4 9. h4 Ngxe5 10. Nxe5 Nxe5 11. Be2 Nf3+ 12. gxf3 Bxb2 13. Rb1 Bc3 14. h5 d5 15. Bd3 Qf6 16. Ke2 Bf5 17. Qg1 Rfe8 18. Qh2 Re7 19. Nf1 Rae8 20. Rd1 Be5 21. Qg2 Bxd3+ 22. cxd3 c6 23. Nh2 Bxh2 24. Rxh2 Qb2+ 1/2-1/2

[Event "JAM-ch"]
[Site "Kingston"]
[Date "2013.05.11"]
[Round "8"]
[White "Wisdom, Daren"]
[Black "Lorne, Ras Malaku"]
[Result "1/2-1/2"]
[WhiteElo "1958"]
[BlackElo "2091"]
[PlyCount "25"]
[EventDate "2013.04.26"]
[EventType "tourn"]
[EventRounds "9"]
[EventCountry "JAM"]
[SourceTitle "CBM 154 Extra"]
[Source "ChessBase"]
[SourceDate "2013.06.25"]
[SourceVersion "2"]
[SourceVersionDate "2013.06.25"]
[SourceQuality "1"]

1. e4 d5 2. exd5 Qxd5 3. Nc3 Qd6 4. g3 Nf6 5. Bg2 Bg4 6. Nge2 c6 7. 0-0 Nbd7 8. d3 Nb6 9. Re1 e6 10. b3 Be7 11. Bb2 0-0 12. Qd2 Rad8 13. a4 1/2-1/2

[Event "JAM-ch"]
[Site "Kingston"]
[Date "2013.05.05"]
[Round "7"]
[White "Williams, Walter"]
[Black "Wisdom, Daren"]
[Result "0-1"]
[WhiteElo "1825"]
[BlackElo "1958"]
[PlyCount "106"]
[EventDate "2013.04.26"]
[EventType "tourn"]
[EventRounds "9"]
[EventCountry "JAM"]
[SourceTitle "CBM 154 Extra"]
[Source "ChessBase"]
[SourceDate "2013.06.25"]
[SourceVersion "2"]
[SourceVersionDate "2013.06.25"]
[SourceQuality "1"]

1. d4 f5 2. c4 Nf6 3. Nc3 g6 4. Bf4 Bg7 5. e3 0-0 6. Bd3 d6 7. Nge2 Nc6 8. h3 e5 9. Bg5 h6 10. Bxf6 Bxf6 11. dxe5 dxe5 12. 0-0 Be6 13. b3 Nb4 14. Bc2 c6 15. Rc1 Qa5 16. Bb1 Rad8 17. Qe1 Rd7 18. Na4 Be7 19. Qc3 Qc7 20. a3 Na6 21. b4 Rfd8 22. Nb2 Bf6 23. Rfd1 Rxd1+ 24. Rxd1 Rxd1+ 25. Nxd1 Qf7 26. c5 Nc7 27. Qc1 Qd7 28. Ndc3 Kg7 29. e4 a6 30. f3 Bg5 31. Qc2 Be3+ 32. Kf1 Nb5 33. Nxb5 axb5 34. Qd3 Bd4 35. Qd2 Bc4 36. Ba2 fxe4 37. Bxc4 bxc4 38. Nxd4 Qxd4 39. Ke1 Qg1+ 40. Ke2 Qxg2+ 41. Kd1 Qxf3+ 42. Kc2 Qb3+ 43. Kc1 Qxa3+ 44. Kb1 Qd3+ 45. Kc1 c3 46. Qh2 Kf7 47. Qf2+ Ke6 48. Qa2+ Qd5 49. Qg2 Qd2+ 50. Qxd2 cxd2+ 51. Kxd2 g5 52. Ke2 h5 53. Ke3 Kd5 0-1

[Event "JAM-ch"]
[Site "Kingston"]
[Date "2010.04.11"]
[Round "3"]
[White "Wilson, Brandon"]
[Black "Wisdom, Daren"]
[Result "1-0"]
[WhiteElo "2092"]
[BlackElo "1918"]
[PlyCount "87"]
[EventDate "2010.04.09"]
[EventType "tourn"]
[EventRounds "11"]
[EventCountry "JAM"]
[SourceTitle "EXT 2013"]
[Source "ChessBase"]
[SourceDate "2012.11.22"]
[SourceVersion "1"]
[SourceVersionDate "2012.11.22"]
[SourceQuality "1"]

1. e4 e5 2. Nf3 Nc6 3. Bb5 a6 4. Ba4 Nf6 5. d3 b5 6. Bb3 Be7 7. 0-0 0-0 8. Re1 d6 9. c3 Bb7 10. Nbd2 Re8 11. Nf1 Bf8 12. Bg5 h6 13. Bh4 g5 14. Bg3 Ne7 15. Ne3 Ng6 16. h4 g4 17. Nh2 h5 18. f3 Bc8 19. Rf1 Bh6 20. Nf5 Bxf5 21. exf5 Nf4 22. fxg4 hxg4 23. Nxg4 Nxg4 24. Qxg4+ Kf8 25. Bxf4 Bxf4 26. g3 Be3+ 27. Kg2 Qf6 28. Rae1 Bb6 29. Bd5 Rab8 30. Qg5 Qxg5 31. hxg5 Kg7 32. Rh1 Rh8 33. Kf3 f6 34. g6 Rxh1 35. Rxh1 Rh8 36. Rxh8 Kxh8 37. Bc6 Kg7 38. b4 Kf8 39. a3 Kg7 40. Bb7 a5 41. Bc6 Kf8 42. Bxb5 c5 43. bxa5 Bxa5 44. c4 1-0

[Event "JAM-ch"]
[Site "Kingston"]
[Date "2009.07.08"]
[Round "4"]
[White "Ramsay, Zachary"]
[Black "Wisdom, Daren"]
[Result "1/2-1/2"]
[WhiteElo "1952"]
[BlackElo "1902"]
[PlyCount "92"]
[EventDate "2009.07.03"]
[EventType "tourn"]
[EventRounds "11"]
[EventCountry "JAM"]
[SourceTitle "EXT 2023"]
[Source "ChessBase"]
[SourceDate "2022.10.05"]
[SourceVersion "1"]
[SourceVersionDate "2022.10.05"]
[SourceQuality "1"]

1. d4 f5 2. g3 g6 3. Bg2 Bg7 4. c4 e5 5. dxe5 Bxe5 6. Nf3 Bg7 7. 0-0 Nf6 8. Nc3 0-0 9. Nd4 Nc6 10. Be3 Ne7 11. h3 c6 12. Qb3 d5 13. cxd5 Nfxd5 14. Rfd1 Kh8 15. Bg5 Nxc3 16. Qxc3 Nd5 17. Bxd8 Nxc3 18. bxc3 Rxd8 19. Nxc6 Rxd1+ 20. Rxd1 Be6 21. Nxa7 Bxc3 22. Nb5 Ba5 23. Bxb7 Rb8 24. Bd5 Rd8 25. Bb3 Rxd1+ 26. Bxd1 Bxa2 27. Nd4 Kg7 28. Bb3 Bb1 29. Kg2 Be4+ 30. f3 Bb7 31. Kf2 Kf6 32. Bc4 g5 33. e3 f4 34. gxf4 gxf4 35. Bd3 h5 36. Be2 Bb6 37. h4 Ke5 38. Nc2 fxe3+ 39. Kg3 Bc8 40. f4+ Ke4 41. Nxe3 Bxe3 42. Bxh5 Bxf4+ 43. Kf2 Be5 44. Bf3+ Kf4 45. Bd5 Kg4 46. Ke3 Kxh4 1/2-1/2

[Event "JAM-ch"]
[Site "Kingston"]
[Date "2009.07.05"]
[Round "3"]
[White "Wisdom, Daren"]
[Black "Porter, Russel"]
[Result "1-0"]
[WhiteElo "1902"]
[BlackElo "2195"]
[PlyCount "71"]
[EventDate "2009.07.03"]
[EventType "tourn"]
[EventRounds "11"]
[EventCountry "JAM"]
[SourceTitle "EXT 2023"]
[Source "ChessBase"]
[SourceDate "2022.10.05"]
[SourceVersion "1"]
[SourceVersionDate "2022.10.05"]
[SourceQuality "1"]

1. e4 c5 2. Nf3 d6 3. d4 cxd4 4. Nxd4 Nf6 5. Nc3 g6 6. Be3 Bg7 7. f3 0-0 8. Qd2 Nc6 9. h4 Nh5 10. 0-0-0 Ng3 11. Bc4 Nxh1 12. Rxh1 Nxd4 13. Bxd4 Bxd4 14. Qxd4 e5 15. Qd2 Be6 16. Nd5 Rc8 17. Bb3 Bxd5 18. Bxd5 Rc7 19. h5 Qf6 20. hxg6 hxg6 21. g3 Rfc8 22. c3 b5 23. Qh6 b4 24. Rh4 bxc3 25. b4 Qg7 26. Qg5 c2 27. Rh6 Kf8 28. Qh4 g5 29. Qh5 Rc3 30. Rh7 Rxf3 31. Rh8+ Ke7 32. Rxc8 Rf1+ 33. Kxc2 Qf6 34. Rc7+ Kd8 35. Rxf7 Rf2+ 36. Kb3 1-0

[Event "Kingston Futures"]
[Site "Kingston"]
[Date "2009.02.28"]
[Round "7.4"]
[White "Ramsay, Zachary"]
[Black "Wisdom, Daren"]
[Result "1-0"]
[WhiteElo "1948"]
[BlackElo "1927"]
[PlyCount "181"]
[EventDate "2009.02.21"]
[EventType "tourn"]
[EventRounds "9"]
[EventCountry "JAM"]
[SourceTitle "EXT 2024"]
[Source "ChessBase"]
[SourceDate "2023.10.10"]
[SourceVersion "1"]
[SourceVersionDate "2023.10.10"]
[SourceQuality "1"]

1. Nf3 g6 2. c4 Bg7 3. d4 f5 4. g3 Nf6 5. Nc3 0-0 6. Bg2 d6 7. 0-0 Nc6 8. d5 Ne5 9. Qb3 h6 10. Nd4 Rb8 11. Bf4 a6 12. Bxe5 dxe5 13. Nc6 bxc6 14. Qxb8 cxd5 15. Nxd5 Nxd5 16. Bxd5+ e6 17. Bg2 Qe7 18. Rad1 h5 19. a3 e4 20. Qb4 Qg5 21. h4 Qf6 22. Qd2 Kh7 23. b3 Bh6 24. Qd4 e5 25. Qc5 Rf7 26. Rd5 Bf8 27. Qa5 Bd6 28. c5 Bf8 29. Rfd1 Be6 30. Rd8 f4 31. Rxf8 Rxf8 32. Qxc7+ Kh6 33. Rf1 f3 34. exf3 exf3 35. Bh1 Bxb3 36. Re1 e4 37. Qb7 Bc2 38. Qb4 Rd8 39. c6 Qxc6 40. Bxf3 Re8 41. Qd2+ Kh7 42. Rc1 exf3 43. Rxc2 Qe6 44. Rc7+ Re7 45. Rxe7+ Qxe7 46. Qe3 Qf6 47. Kh2 Qc6 48. Qe7+ Kg8 49. Qd8+ Kf7 50. Qd3 Kf6 51. Qd4+ Kf7 52. Qf4+ Qf6 53. Qc7+ Ke6 54. Qc6+ Ke5 55. Qc5+ Ke4 56. Qc2+ Kd5 57. Qb3+ Kc6 58. Qc4+ Kb7 59. Qd5+ Qc6 60. Qb3+ Kc7 61. Qf7+ Kb6 62. Qb3+ Kc5 63. Qc3+ Kd6 64. Qf6+ Kc5 65. Qc3+ Kd6 66. Qf6+ Kc7 67. Qe7+ Kb6 68. Qb4+ Kc7 69. Qa5+ Kd7 70. Qd2+ Ke6 71. Qd3 Ke5 72. Qd2 Qe4 73. Qa5+ Kd4 74. Qxa6 Qe2 75. Qb6+ Kc3 76. Qb4+ Kc2 77. Qc5+ Kd1 78. Qd4+ Ke1 79. Qa1+ Kd2 80. Qb2+ Kd1 81. Qb1+ Kd2 82. Kg1 Kc3 83. a4 Kd4 84. a5 Kc3 85. Qa1+ Kc4 86. a6 Qe8 87. a7 Qa8 88. Qc1+ Kd5 89. Qc7 Qe8 90. Qb7+ Kc5 91. a8Q 1-0

[Event "Kingston Futures"]
[Site "Kingston"]
[Date "2009.02.27"]
[Round "5.3"]
[White "James, Stuart"]
[Black "Wisdom, Daren"]
[Result "1-0"]
[WhiteElo "1970"]
[BlackElo "1927"]
[PlyCount "48"]
[EventDate "2009.02.21"]
[EventType "tourn"]
[EventRounds "9"]
[EventCountry "JAM"]
[SourceTitle "EXT 2024"]
[Source "ChessBase"]
[SourceDate "2023.10.10"]
[SourceVersion "1"]
[SourceVersionDate "2023.10.10"]
[SourceQuality "1"]

1. e4 c5 2. Nf3 d6 3. d4 cxd4 4. Nxd4 Nf6 5. Nc3 g6 6. f4 Qa5 7. Bb5+ Bd7 8. 0-0 Nc6 9. Bxc6 bxc6 10. Re1 Bg7 11. e5 Nd5 12. exd6 Nxc3 13. Rxe7+ Kd8 14. bxc3 Qxc3 15. Nb3 Re8 16. Bd2 Qc4 17. Ba5+ Kc8 18. Rxe8+ Bxe8 19. d7+ Kb7 20. Rb1 Ka6 21. d8Q Rxd8 22. Qxd8 Qd5 23. Qc8+ Kb5 24. c4+ Qxc4 1-0